[Event "MCR druzstev mladsich zaku 2019"]
[Site "Trest"]
[Date "2019.06.15"]
[Round "6.4"]
[White "Day, Tobias"]
[Black "Garabik, Marek"]
[Result "1-0"]
[BlackElo "1471"]
[WhiteElo "1690"]
[LiveChessVersion "1.4.8"]

1. e4 {[%clk 0:25:17]} e6 {[%clk 0:25:18]} 2. d4 {[%clk 0:25:16]} d5
{[%clk 0:25:16]} 3. Nd2 {[%clk 0:25:21]} c5 {[%clk 0:25:02]} 4. Ngf3
{[%clk 0:22:43]} Nc6 {[%clk 0:24:54]} 5. Bb5 {[%clk 0:20:53]} Bd6
{[%clk 0:24:26]} 6. exd5 {[%clk 0:19:26]} exd5 {[%clk 0:24:31]} 7. dxc5
{[%clk 0:19:24]} Bxc5 {[%clk 0:24:31]} 8. O-O {[%clk 0:19:14]} Nge7
{[%clk 0:24:22]} 9. Nb3 {[%clk 0:18:55]} Bb6 {[%clk 0:24:18]} 10. Nbd4
{[%clk 0:16:14]} O-O {[%clk 0:24:08]} 11. Be3 {[%clk 0:14:53]} Bg4
{[%clk 0:23:58]} 12. Qd2 {[%clk 0:14:12]} Bxf3 {[%clk 0:23:42]} 13. Nxf3
{[%clk 0:14:07]} Bxe3 {[%clk 0:23:04]} 14. Qxe3 {[%clk 0:13:00]} Re8
{[%clk 0:22:22]} 15. Rad1 {[%clk 0:10:51]} Qd6 {[%clk 0:21:47]} 16. Rfe1
{[%clk 0:09:44]} Ng6 {[%clk 0:21:33]} 17. Qd2 {[%clk 0:08:49]} Rxe1+
{[%clk 0:21:02]} 18. Rxe1 {[%clk 0:08:25]} a6 {[%clk 0:20:51]} 19. Ba4
{[%clk 0:07:45]} Rd8 {[%clk 0:20:17]} 20. Rd1 {[%clk 0:06:58]} b5
{[%clk 0:20:10]} 21. Bb3 {[%clk 0:07:04]} d4 {[%clk 0:19:52]} 22. Ng5
{[%clk 0:05:43]} Nce5 {[%clk 0:18:48]} 23. Qe2 {[%clk 0:04:26]} h6
{[%clk 0:17:05]} 24. Nf3 {[%clk 0:03:52]} Nxf3+ {[%clk 0:16:46]} 25. Qxf3
{[%clk 0:03:58]} Qf4 {[%clk 0:14:37]} 26. Qxf4 {[%clk 0:02:43]} Nxf4
{[%clk 0:14:45]} 27. g3 {[%clk 0:02:32]} Ne6 {[%clk 0:14:40]} 28. Kf1
{[%clk 0:01:49]} Nc5 {[%clk 0:14:44]} 29. f3 {[%clk 0:01:24]} d3 {[%clk 0:14:18]}
30. cxd3 {[%clk 0:01:17]} Rxd3 {[%clk 0:14:23]} 31. Ke2 {[%clk 0:01:05]} Rxd1
{[%clk 0:13:56]} 32. Bxd1 {[%clk 0:01:12]} Kf8 {[%clk 0:14:05]} 33. Ke3
{[%clk 0:01:10]} Ke7 {[%clk 0:14:10]} 34. Kd4 {[%clk 0:01:08]} Kd6
{[%clk 0:14:03]} 35. f4 {[%clk 0:01:02]} f6 {[%clk 0:13:38]} 36. Bg4
{[%clk 0:01:03]} g6 {[%clk 0:12:56]} 37. b4 {[%clk 0:00:59]} Nd7 {[%clk 0:12:10]}
38. Bxd7 {[%clk 0:01:02]} Kxd7 {[%clk 0:12:18]} 39. Kd5 {[%clk 0:01:02]} g5
{[%clk 0:12:21]} 40. fxg5 {[%clk 0:01:00]} fxg5 {[%clk 0:12:24]} 41. g4
{[%clk 0:01:05]} Kc7 {[%clk 0:12:09]} 42. Kc5 {[%clk 0:01:02]} Kb7
{[%clk 0:12:10]} 43. Kd6 {[%clk 0:01:09]} Kb6 {[%clk 0:12:18]} 44. a3
{[%clk 0:01:10]} a5 {[%clk 0:12:20]} 45. Kd5 {[%clk 0:01:07]} axb4
{[%clk 0:12:15]} 46. axb4 {[%clk 0:01:16]} Kb7 {[%clk 0:12:20]} 47. Kc5
{[%clk 0:01:24]} Ka6 {[%clk 0:12:29]} 48. Kc6 {[%clk 0:01:33]} Kb7+
{[%clk 0:12:45]} 49. Kxb5 {[%clk 0:01:45]} Kc7 {[%clk 0:12:52]} 50. Kc5
{[%clk 0:01:47]} Kb8 {[%clk 0:12:51]} 51. h3 {[%clk 0:01:55]} Ka8
{[%clk 0:12:59]} 52. Kb6 {[%clk 0:01:57]} Ka7+ {[%clk 0:12:46]} 53. Kc7
{[%clk 0:02:06]} Ka8 {[%clk 0:12:55]} 54. b5 {[%clk 0:02:13]} h5 {[%clk 0:13:03]}
55. b6 {[%clk 0:02:22]} Ka7 {[%clk 0:13:11]} 56. b7 {[%clk 0:02:30]} 1-0

[Event "MCR druzstev mladsich zaku 2019"]
[Site "Trest"]
[Date "2019.06.15"]
[Round "6.5"]
[White "Rolinkova, Adela"]
[Black "Pressler, Tobias"]
[Result "0-1"]
[BlackElo "1595"]
[WhiteElo "1254"]
[LiveChessVersion "1.4.8"]

1. e4 {[%clk 0:25:18]} c5 {[%clk 0:25:15]} 2. Nf3 {[%clk 0:25:26]} Nc6
{[%clk 0:25:19]} 3. d4 {[%clk 0:25:33]} cxd4 {[%clk 0:25:16]} 4. Nxd4
{[%clk 0:25:42]} Nf6 {[%clk 0:24:56]} 5. Nc3 {[%clk 0:25:49]} g6 {[%clk 0:24:50]}
6. Be2 {[%clk 0:25:55]} Bg7 {[%clk 0:24:57]} 7. Be3 {[%clk 0:26:03]} O-O
{[%clk 0:24:46]} 8. Qd2 {[%clk 0:26:11]} d6 {[%clk 0:24:44]} 9. O-O-O
{[%clk 0:26:01]} Bd7 {[%clk 0:24:40]} 10. Bh6 {[%clk 0:26:07]} Nxd4
{[%clk 0:24:45]} 11. Bxg7 {[%clk 0:26:07]} Nxe2+ {[%clk 0:24:53]} 12. Qxe2
{[%clk 0:26:12]} Kxg7 {[%clk 0:25:01]} 13. f4 {[%clk 0:25:58]} Bg4
{[%clk 0:25:09]} 14. Qe3 {[%clk 0:24:42]} Bxd1 {[%clk 0:25:15]} 15. Rxd1
{[%clk 0:24:51]} Qb6 {[%clk 0:25:22]} 16. Qf3 {[%clk 0:24:47]} Rad8
{[%clk 0:25:01]} 17. g4 {[%clk 0:24:49]} e5 {[%clk 0:25:01]} 18. f5
{[%clk 0:24:38]} g5 {[%clk 0:25:06]} 19. Rh1 {[%clk 0:24:01]} d5 {[%clk 0:25:13]}
20. exd5 {[%clk 0:23:21]} Qd4 {[%clk 0:25:11]} 21. h3 {[%clk 0:21:58]} Nxd5
{[%clk 0:25:07]} 22. Rd1 {[%clk 0:20:35]} Qf4+ {[%clk 0:25:12]} 23. Qxf4
{[%clk 0:20:23]} Nxf4 {[%clk 0:25:19]} 24. Rh1 {[%clk 0:20:13]} e4
{[%clk 0:25:07]} 25. Nxe4 {[%clk 0:17:23]} Rfe8 {[%clk 0:24:48]} 26. Nxg5
{[%clk 0:15:34]} Ne2+ {[%clk 0:24:54]} 27. Kb1 {[%clk 0:15:38]} Ng3
{[%clk 0:25:00]} 28. Rg1 {[%clk 0:15:32]} h6 {[%clk 0:24:52]} 29. Nf3
{[%clk 0:15:14]} Re3 {[%clk 0:25:00]} 30. Nh4 {[%clk 0:14:55]} Rde8
{[%clk 0:25:07]} 31. Ng2 {[%clk 0:11:34]} R3e5 {[%clk 0:24:40]} 32. a3
{[%clk 0:10:28]} Ne2 {[%clk 0:24:38]} 33. Rf1 {[%clk 0:09:53]} Nd4
{[%clk 0:24:31]} 34. f6+ {[%clk 0:09:28]} Kh7 {[%clk 0:24:37]} 35. h4
{[%clk 0:08:59]} Re2 {[%clk 0:24:43]} 36. Nf4 {[%clk 0:07:04]} Re1+
{[%clk 0:24:51]} 37. Rxe1 {[%clk 0:07:09]} Rxe1+ {[%clk 0:24:59]} 38. Ka2
{[%clk 0:07:17]} Nxc2 {[%clk 0:24:59]} 39. g5 {[%clk 0:06:42]} hxg5
{[%clk 0:24:46]} 40. hxg5 {[%clk 0:06:50]} Re4 {[%clk 0:24:49]} 41. Nd5
{[%clk 0:05:37]} Kg6 {[%clk 0:24:50]} 42. Kb1 {[%clk 0:04:39]} Ne3
{[%clk 0:24:53]} 43. Nc3 {[%clk 0:04:41]} Rc4 {[%clk 0:24:56]} 44. Nb5
{[%clk 0:04:02]} Kxg5 {[%clk 0:24:43]} 45. Nd6 {[%clk 0:03:47]} Rc6
{[%clk 0:24:35]} 46. Nxb7 {[%clk 0:02:37]} Kxf6 {[%clk 0:24:34]} 47. Na5
{[%clk 0:02:35]} Rb6 {[%clk 0:24:42]} 48. Ka2 {[%clk 0:02:12]} Ke5
{[%clk 0:24:45]} 49. Nb3 {[%clk 0:01:47]} Nc4 {[%clk 0:24:32]} 50. a4
{[%clk 0:01:17]} a5 {[%clk 0:24:40]} 51. Nc5 {[%clk 0:00:39]} Rxb2+
{[%clk 0:24:46]} 52. Ka1 {[%clk 0:00:49]} Kd4 {[%clk 0:24:45]} 53. Ne6+
{[%clk 0:00:47]} Kc3 {[%clk 0:24:46]} 54. Nd4 {[%clk 0:00:48]} Ra2+
{[%clk 0:24:01]} 55. Kxa2 {[%clk 0:00:45]} Kxd4 {[%clk 0:24:10]} 56. Kb3
{[%clk 0:00:46]} f5 {[%clk 0:24:18]} 57. Kc2 {[%clk 0:00:49]} Ke3
{[%clk 0:24:24]} 58. Kc3 {[%clk 0:00:48]} f4 {[%clk 0:24:32]} 59. Kxc4
{[%clk 0:00:55]} f3 {[%clk 0:24:41]} 60. Kb5 {[%clk 0:01:03]} f2 {[%clk 0:24:49]}
61. Kxa5 {[%clk 0:01:10]} f1=Q {[%clk 0:24:56]} 62. Kb6 {[%clk 0:01:08]} Qf8
{[%clk 0:25:00]} 63. a5 {[%clk 0:01:12]} Qa8 {[%clk 0:25:08]} 64. a6
{[%clk 0:01:19]} Kd4 {[%clk 0:25:17]} 65. Kb5 {[%clk 0:00:27]} Kd5
{[%clk 0:25:23]} 66. Kb6 {[%clk 0:00:32]} Kd6 {[%clk 0:25:29]} 67. a7
{[%clk 0:00:36]} Qc6+ {[%clk 0:25:28]} 68. Ka5 {[%clk 0:00:39]} Kc5
{[%clk 0:25:37]} 69. a8=Q {[%clk 0:00:26]} Qb5# {[%clk 0:25:45]} 0-1

[Event "MCR druzstev mladsich zaku 2019"]
[Site "Trest"]
[Date "2019.06.15"]
[Round "6.6"]
[White "Sehnoutkova, Laura"]
[Black "Berkovec, Jakub"]
[Result "1-0"]
[BlackElo "1153"]
[WhiteElo "1406"]
[LiveChessVersion "1.4.8"]

1. e4 {[%clk 0:25:18]} c5 {[%clk 0:25:18]} 2. c3 {[%clk 0:25:26]} d6
{[%clk 0:25:20]} 3. d4 {[%clk 0:25:32]} cxd4 {[%clk 0:25:11]} 4. cxd4
{[%clk 0:25:39]} Nf6 {[%clk 0:24:53]} 5. Nc3 {[%clk 0:25:46]} g6 {[%clk 0:24:28]}
6. h3 {[%clk 0:25:43]} Bg7 {[%clk 0:24:07]} 7. Nf3 {[%clk 0:25:48]} Nc6
{[%clk 0:22:59]} 8. Be2 {[%clk 0:25:27]} O-O {[%clk 0:22:34]} 9. O-O
{[%clk 0:25:21]} Bd7 {[%clk 0:22:05]} 10. Bd2 {[%clk 0:24:44]} Rc8
{[%clk 0:21:07]} 11. Rc1 {[%clk 0:24:49]} Na5 {[%clk 0:19:39]} 12. Re1
{[%clk 0:22:55]} Nc4 {[%clk 0:18:56]} 13. Bxc4 {[%clk 0:22:59]} Rxc4
{[%clk 0:18:53]} 14. Be3 {[%clk 0:22:04]} Qa5 {[%clk 0:17:54]} 15. a3
{[%clk 0:21:34]} Qd8 {[%clk 0:16:11]} 16. e5 {[%clk 0:20:59]} Ne8
{[%clk 0:14:09]} 17. Qb3 {[%clk 0:19:05]} b5 {[%clk 0:13:57]} 18. a4
{[%clk 0:18:35]} Qa5 {[%clk 0:13:00]} 19. axb5 {[%clk 0:18:13]} Qb4
{[%clk 0:12:17]} 20. Qxb4 {[%clk 0:17:35]} Rxb4 {[%clk 0:12:25]} 21. Nd5
{[%clk 0:16:48]} Rxb5 {[%clk 0:11:44]} 22. Nxe7+ {[%clk 0:16:17]} Kh8
{[%clk 0:11:38]} 23. exd6 {[%clk 0:16:25]} Nxd6 {[%clk 0:11:32]} 24. Re2
{[%clk 0:16:09]} Re8 {[%clk 0:11:09]} 25. Nc6 {[%clk 0:16:08]} Rc8
{[%clk 0:10:44]} 26. Rec2 {[%clk 0:16:02]} a5 {[%clk 0:09:08]} 27. Nce5
{[%clk 0:15:26]} Rxc2 {[%clk 0:09:06]} 28. Rxc2 {[%clk 0:15:33]} Be6
{[%clk 0:09:09]} 29. Rc5 {[%clk 0:14:14]} Rxc5 {[%clk 0:08:51]} 30. dxc5
{[%clk 0:14:22]} Nb5 {[%clk 0:08:32]} 31. c6 {[%clk 0:13:53]} a4 {[%clk 0:08:09]}
32. Bb6 {[%clk 0:13:37]} a3 {[%clk 0:07:21]} 33. bxa3 {[%clk 0:13:45]} Bc8
{[%clk 0:05:00]} 34. a4 {[%clk 0:13:36]} Nd6 {[%clk 0:04:49]} 35. Nd7
{[%clk 0:12:40]} Kg8 {[%clk 0:03:55]} 36. Kf1 {[%clk 0:12:29]} h5
{[%clk 0:03:28]} 37. Ke2 {[%clk 0:12:21]} Kh7 {[%clk 0:02:50]} 38. Bc5
{[%clk 0:11:53]} Ba6+ {[%clk 0:02:32]} 39. Ke3 {[%clk 0:11:51]} Bh6+
{[%clk 0:02:30]} 40. Kd4 {[%clk 0:11:47]} Bg7+ {[%clk 0:02:37]} 41. Kd5
{[%clk 0:11:47]} 1-0

[Event "MCR druzstev mladsich zaku 2019"]
[Site "Trest"]
[Date "2019.06.15"]
[Round "6.7"]
[White "Winter, Ondrej"]
[Black "Paseka, Matyas"]
[Result "0-1"]
[BlackElo "1642"]
[WhiteElo "1533"]
[LiveChessVersion "1.4.8"]

1. e4 {[%clk 0:25:19]} c5 {[%clk 0:25:19]} 2. Nf3 {[%clk 0:25:27]} d6
{[%clk 0:25:27]} 3. Bb5+ {[%clk 0:25:35]} Bd7 {[%clk 0:25:34]} 4. Bxd7+
{[%clk 0:25:44]} Nxd7 {[%clk 0:25:42]} 5. c3 {[%clk 0:25:52]} Ngf6
{[%clk 0:25:46]} 6. Qe2 {[%clk 0:25:40]} Rc8 {[%clk 0:24:57]} 7. O-O
{[%clk 0:25:44]} e6 {[%clk 0:23:55]} 8. d4 {[%clk 0:25:42]} Be7 {[%clk 0:23:47]}
9. Re1 {[%clk 0:25:41]} O-O 10. Bf4 {[%clk 0:24:31]} Qc7 {[%clk 0:23:17]} 11. Bg5
{[%clk 0:20:29]} e5 {[%clk 0:21:30]} 12. dxe5 {[%clk 0:19:53]} dxe5
{[%clk 0:20:58]} 13. c4 {[%clk 0:19:41]} h6 {[%clk 0:20:11]} 14. Bxf6
{[%clk 0:19:34]} Nxf6 15. Nc3 Rfe8 {[%clk 0:19:51]} 16. Rad1 {[%clk 0:18:56]}
Rcd8 {[%clk 0:19:19]} 17. Rxd8 {[%clk 0:15:32]} Rxd8 {[%clk 0:19:26]} 18. Rd1
{[%clk 0:15:35]} a6 {[%clk 0:18:23]} 19. Rxd8+ {[%clk 0:14:05]} Bxd8
{[%clk 0:18:19]} 20. Qd2 {[%clk 0:13:48]} Be7 {[%clk 0:14:34]} 21. Ne1
{[%clk 0:13:17]} Qc6 {[%clk 0:14:06]} 22. Nd5 {[%clk 0:10:11]} Nxd5
{[%clk 0:13:57]} 23. exd5 {[%clk 0:10:13]} Qd6 {[%clk 0:13:36]} 24. Nc2
{[%clk 0:06:09]} f5 {[%clk 0:12:37]} 25. Ne3 {[%clk 0:04:44]} g6 {[%clk 0:12:01]}
26. Nd1 {[%clk 0:04:16]} Kg7 {[%clk 0:12:07]} 27. Nc3 {[%clk 0:04:09]} Bd8
{[%clk 0:11:08]} 28. Qc2 {[%clk 0:02:23]} Bc7 {[%clk 0:10:42]} 29. g3
{[%clk 0:01:43]} h5 {[%clk 0:09:39]} 30. h4 {[%clk 0:01:30]} Qd7 {[%clk 0:08:32]}
31. a3 {[%clk 0:00:40]} Bd6 {[%clk 0:08:15]} 32. Qe2 {[%clk 0:00:25]} Qd8
{[%clk 0:07:39]} 33. Qc2 {[%clk 0:00:14]} Qe8 {[%clk 0:07:17]} 34. Na2
{[%clk 0:00:13]} b5 {[%clk 0:07:08]} 35. b3 {[%clk 0:00:14]} Qd8 {[%clk 0:06:46]}
36. Qd2 {[%clk 0:00:12]} Qb6 {[%clk 0:06:43]} 37. Nc3 {[%clk 0:00:15]} bxc4
{[%clk 0:06:32]} 38. bxc4 {[%clk 0:00:19]} Qb3 {[%clk 0:06:40]} 39. Qd3
{[%clk 0:00:13]} e4 {[%clk 0:05:39]} 40. Qd2 {[%clk 0:00:17]} Qxc4
{[%clk 0:05:46]} 41. a4 {[%clk 0:00:15]} Qd4 {[%clk 0:05:00]} 42. Qb2
{[%clk 0:00:12]} Qb4 {[%clk 0:05:03]} 43. Qc2 {[%clk 0:00:13]} c4
{[%clk 0:04:29]} 44. Qd2 {[%clk 0:00:18]} Be5 {[%clk 0:04:19]} 45. Nxe4 Qb1+
{[%clk 0:04:26]} 46. Kh2 {[%clk 0:00:18]} Qxe4 {[%clk 0:04:30]} 47. d6
{[%clk 0:00:27]} Qxh4+ {[%clk 0:04:23]} 48. Kg1 {[%clk 0:00:24]} Qd4
{[%clk 0:04:30]} 49. Qb4 {[%clk 0:00:19]} Bxd6 {[%clk 0:04:28]} 50. Qb7+
{[%clk 0:00:26]} Kf6 {[%clk 0:04:20]} 51. Qc8 {[%clk 0:00:24]} Bc5
{[%clk 0:02:53]} 52. Qh8+ {[%clk 0:00:13]} Kg5 {[%clk 0:02:49]} 0-1

[Event "MCR druzstev mladsich zaku 2019"]
[Site "Trest"]
[Date "2019.06.15"]
[Round "6.8"]
[White "Vasinek, Martin"]
[Black "Zelba, Lukas"]
[Result "1/2-1/2"]
[BlackElo "1614"]
[WhiteElo "1700"]
[LiveChessVersion "1.4.8"]

1. d4 {[%clk 0:25:17]} Nf6 {[%clk 0:25:02]} 2. c4 {[%clk 0:25:25]} g6
{[%clk 0:25:09]} 3. Nf3 {[%clk 0:25:34]} Bg7 {[%clk 0:25:13]} 4. e3
{[%clk 0:25:42]} O-O {[%clk 0:25:09]} 5. Bd3 {[%clk 0:25:48]} d6 {[%clk 0:25:03]}
6. O-O {[%clk 0:25:52]} Nbd7 {[%clk 0:25:07]} 7. Nbd2 {[%clk 0:25:40]} c5
{[%clk 0:23:54]} 8. b3 {[%clk 0:25:22]} a6 {[%clk 0:23:17]} 9. Bb2
{[%clk 0:25:28]} Rb8 {[%clk 0:23:11]} 10. Rc1 {[%clk 0:25:30]} b5
{[%clk 0:23:08]} 11. Qe2 {[%clk 0:25:33]} b4 {[%clk 0:23:06]} 12. Bb1
{[%clk 0:25:31]} a5 {[%clk 0:23:01]} 13. Rfe1 {[%clk 0:25:38]} Ba6
{[%clk 0:22:57]} 14. e4 {[%clk 0:25:33]} Ne8 {[%clk 0:22:28]} 15. e5
{[%clk 0:25:05]} e6 {[%clk 0:21:29]} 16. exd6 {[%clk 0:24:35]} Nxd6
{[%clk 0:21:32]} 17. Ne4 {[%clk 0:24:44]} Nxe4 {[%clk 0:21:12]} 18. Qxe4
{[%clk 0:24:47]} Bb7 {[%clk 0:21:04]} 19. Qe3 {[%clk 0:24:23]} Bxf3
{[%clk 0:21:04]} 20. Qxf3 {[%clk 0:24:09]} cxd4 {[%clk 0:21:04]} 21. c5
{[%clk 0:23:45]} Rc8 {[%clk 0:17:24]} 22. c6 {[%clk 0:23:30]} Ne5
{[%clk 0:16:47]} 23. Qe4 {[%clk 0:22:40]} Qd6 {[%clk 0:14:44]} 24. Bxd4
{[%clk 0:22:16]} Nxc6 {[%clk 0:13:30]} 25. Bc5 {[%clk 0:22:19]} Qd5
{[%clk 0:12:33]} 26. Qxd5 {[%clk 0:21:46]} exd5 {[%clk 0:12:38]} 27. Bxf8
{[%clk 0:21:54]} Kxf8 {[%clk 0:12:47]} 28. Red1 {[%clk 0:21:42]} d4
{[%clk 0:12:24]} 29. Be4 {[%clk 0:21:47]} Ne7 {[%clk 0:12:23]} 30. Rxc8+
{[%clk 0:21:53]} Nxc8 {[%clk 0:12:33]} 31. Kf1 {[%clk 0:22:00]} Nd6
{[%clk 0:12:30]} 32. Bd3 {[%clk 0:22:08]} Ke7 {[%clk 0:12:19]} 33. Rc1
{[%clk 0:22:17]} Kd7 {[%clk 0:11:18]} 34. Rc5 {[%clk 0:22:17]} Nb7
{[%clk 0:11:00]} 35. Rc1 {[%clk 0:22:06]} Kd6 {[%clk 0:10:58]} 36. Ke2
{[%clk 0:22:08]} Nc5 {[%clk 0:10:55]} 37. g3 {[%clk 0:21:07]} Bh6
{[%clk 0:10:07]} 38. Re1 {[%clk 0:20:35]} Bf8 {[%clk 0:09:10]} 39. Kd2
{[%clk 0:20:37]} Be7 {[%clk 0:09:14]} 40. Kc2 {[%clk 0:20:22]} f5
{[%clk 0:08:44]} 41. f4 {[%clk 0:19:54]} Nd7 {[%clk 0:08:14]} 42. Bc4
{[%clk 0:19:50]} Nc5 {[%clk 0:08:08]} 43. Bd3 {[%clk 0:19:09]} Nd7
{[%clk 0:08:11]} 44. Ra1 {[%clk 0:18:38]} Kc6 {[%clk 0:07:19]} 45. Bc4
{[%clk 0:18:24]} Bf6 {[%clk 0:07:03]} 46. Kd2 {[%clk 0:18:01]} Be7
{[%clk 0:06:06]} 47. Kd3 {[%clk 0:18:00]} Bc5 {[%clk 0:06:09]} 48. Re1
{[%clk 0:18:00]} Kc7 {[%clk 0:05:30]} 49. Bb5 {[%clk 0:16:45]} Nf6
{[%clk 0:05:27]} 50. Re5 {[%clk 0:16:18]} Kd6 {[%clk 0:04:35]} 51. Bc4
{[%clk 0:15:50]} Ne4 {[%clk 0:04:17]} 52. Re6+ {[%clk 0:14:17]} Kc7
{[%clk 0:04:02]} 53. Re8 {[%clk 0:13:52]} Nf6 {[%clk 0:02:42]} 54. Rh8
{[%clk 0:13:15]} Kd7 {[%clk 0:02:20]} 55. Bg8 {[%clk 0:12:25]} Ke7
{[%clk 0:01:45]} 56. Bc4 {[%clk 0:11:24]} Kd7 {[%clk 0:01:50]} 57. Ra8
{[%clk 0:10:52]} Bb6 {[%clk 0:01:50]} 58. Rf8 {[%clk 0:10:24]} Bd8
{[%clk 0:00:51]} 59. Kxd4 {[%clk 0:10:11]} Be7 {[%clk 0:00:24]} 60. Ra8
{[%clk 0:10:14]} Bd8 61. Ke5 {[%clk 0:09:47]} Ng4+ {[%clk 0:00:35]} 62. Kd5
{[%clk 0:09:44]} Nf6+ {[%clk 0:00:36]} 63. Kd4 {[%clk 0:09:18]} Bb6+
{[%clk 0:00:32]} 64. Kd3 {[%clk 0:09:25]} Ne4 {[%clk 0:00:21]} 65. Bb5+
{[%clk 0:08:28]} Ke6 {[%clk 0:00:13]} 66. Re8+ {[%clk 0:08:01]} Kd6
{[%clk 0:00:13]} 67. Bc4 {[%clk 0:07:45]} Nc5+ {[%clk 0:00:22]} 68. Ke2
{[%clk 0:07:48]} Ne4 {[%clk 0:00:21]} 69. Re6+ {[%clk 0:07:45]} Kc5
{[%clk 0:00:30]} 70. Re7 {[%clk 0:07:52]} Kd4 {[%clk 0:00:24]} 71. Rd7+
{[%clk 0:07:40]} Kc5 {[%clk 0:00:31]} 72. Rxh7 {[%clk 0:07:48]} Nc3+
{[%clk 0:00:40]} 73. Kd3 {[%clk 0:07:51]} Nxa2 {[%clk 0:00:48]} 74. Rh6
{[%clk 0:07:58]} Nc3 {[%clk 0:00:32]} 75. Rxg6 {[%clk 0:08:04]} a4
{[%clk 0:00:42]} 76. Rg5 {[%clk 0:07:54]} a3 {[%clk 0:00:50]} 77. Rxf5+
{[%clk 0:08:03]} Kc6 {[%clk 0:00:56]} 78. Kc2 {[%clk 0:08:04]} Bd4
{[%clk 0:00:56]} 79. Rd5 {[%clk 0:08:05]} Bh8 {[%clk 0:00:49]} 80. Re5
{[%clk 0:08:12]} Nd1 {[%clk 0:00:37]} 81. Kb1 {[%clk 0:08:13]} Nc3+
{[%clk 0:00:44]} 82. Ka1 {[%clk 0:08:19]} Bg7 {[%clk 0:00:30]} 83. h4
{[%clk 0:08:26]} Bxe5 {[%clk 0:00:17]} 84. fxe5 {[%clk 0:08:34]} Kd7
{[%clk 0:00:25]} 85. e6+ {[%clk 0:08:42]} Ke7 {[%clk 0:00:35]} 86. h5
{[%clk 0:08:50]} Ne4 {[%clk 0:00:42]} 87. g4 {[%clk 0:08:58]} Ng5
{[%clk 0:00:51]} 88. Kb1 {[%clk 0:08:56]} Nxe6 {[%clk 0:00:57]} 89. Bxe6
{[%clk 0:09:04]} Kxe6 {[%clk 0:01:07]} 90. g5 {[%clk 0:08:57]} Kf5
{[%clk 0:01:04]} 91. h6 {[%clk 0:09:02]} Kg6 {[%clk 0:01:13]} 1/2-1/2

[Event "MCR druzstev mladsich zaku 2019"]
[Site "Trest"]
[Date "2019.06.15"]
[Round "6.9"]
[White "Levitner, Matej"]
[Black "Buchta, Bartolomej"]
[Result "0-1"]
[BlackElo "1556"]
[WhiteElo "1575"]
[LiveChessVersion "1.4.8"]

1. d4 {[%clk 0:25:17]} Nf6 {[%clk 0:25:17]} 2. c4 {[%clk 0:25:25]} e6
{[%clk 0:25:25]} 3. Nc3 {[%clk 0:25:32]} Bb4 {[%clk 0:25:33]} 4. Bg5
{[%clk 0:25:12]} h6 {[%clk 0:25:42]} 5. Bh4 {[%clk 0:25:19]} g5 {[%clk 0:25:50]}
6. Bg3 {[%clk 0:25:20]} Ne4 {[%clk 0:25:53]} 7. Qc2 {[%clk 0:25:22]} f5
{[%clk 0:26:02]} 8. Be5 {[%clk 0:24:50]} Rg8 {[%clk 0:25:44]} 9. f3
{[%clk 0:23:47]} Bxc3+ {[%clk 0:25:28]} 10. bxc3 {[%clk 0:23:38]} Nf6
{[%clk 0:25:34]} 11. e4 {[%clk 0:23:24]} f4 {[%clk 0:24:47]} 12. Bxf6
{[%clk 0:23:07]} Qxf6 {[%clk 0:24:54]} 13. Bd3 {[%clk 0:23:11]} b6
{[%clk 0:24:38]} 14. Ne2 {[%clk 0:22:11]} d6 {[%clk 0:24:37]} 15. Nc1
{[%clk 0:17:58]} Nc6 {[%clk 0:24:39]} 16. Nb3 {[%clk 0:17:57]} e5
{[%clk 0:24:04]} 17. Qf2 {[%clk 0:16:26]} a5 {[%clk 0:23:14]} 18. a4
{[%clk 0:15:48]} Qf7 {[%clk 0:19:52]} 19. g4 {[%clk 0:14:33]} fxg3
{[%clk 0:19:00]} 20. hxg3 {[%clk 0:14:35]} Rf8 {[%clk 0:17:22]} 21. Ke2
{[%clk 0:12:38]} g4 {[%clk 0:17:24]} 22. Raf1 {[%clk 0:12:36]} gxf3+
{[%clk 0:16:45]} 23. Qxf3 {[%clk 0:12:44]} Qxf3+ {[%clk 0:16:52]} 24. Rxf3
{[%clk 0:12:52]} Bg4 {[%clk 0:17:01]} 25. Rhf1 {[%clk 0:12:27]} Bxf3+
{[%clk 0:17:00]} 26. Rxf3 {[%clk 0:12:36]} Rxf3 {[%clk 0:17:08]} 27. Kxf3
{[%clk 0:12:44]} exd4 {[%clk 0:16:27]} 28. Nxd4 {[%clk 0:12:39]} Ne5+
{[%clk 0:16:23]} 29. Ke3 {[%clk 0:12:40]} Nxd3 {[%clk 0:16:28]} 30. Kxd3
{[%clk 0:12:47]} Kd7 {[%clk 0:16:22]} 31. Ke3 {[%clk 0:12:53]} Rf8
{[%clk 0:16:08]} 32. Nf5 {[%clk 0:12:57]} Kc6 {[%clk 0:15:02]} 33. Kd4
{[%clk 0:12:49]} Rf6 {[%clk 0:13:32]} 34. Ne7+ {[%clk 0:12:26]} Kd7
{[%clk 0:13:32]} 35. Nf5 {[%clk 0:12:29]} Ke6 {[%clk 0:11:39]} 36. Ng7+
{[%clk 0:11:53]} Kf7 {[%clk 0:11:36]} 37. Nf5 {[%clk 0:11:59]} c6
{[%clk 0:11:32]} 38. g4 {[%clk 0:10:16]} Rg6 {[%clk 0:10:38]} 39. Ke3
{[%clk 0:09:06]} Ke6 {[%clk 0:07:41]} 40. Kf4 {[%clk 0:08:03]} b5
{[%clk 0:06:50]} 41. cxb5 {[%clk 0:07:55]} cxb5 {[%clk 0:06:56]} 42. Nd4+
{[%clk 0:08:00]} Kd7 {[%clk 0:06:32]} 43. Nxb5 {[%clk 0:08:00]} Rg5
{[%clk 0:06:18]} 44. Nd4 {[%clk 0:07:46]} Rc5 {[%clk 0:06:01]} 45. Nb5
{[%clk 0:07:44]} Rxb5 {[%clk 0:05:33]} 46. axb5 {[%clk 0:06:47]} a4
{[%clk 0:05:42]} 47. Kf5 {[%clk 0:06:55]} a3 {[%clk 0:05:51]} 48. Kg6
{[%clk 0:07:03]} a2 {[%clk 0:05:59]} 49. Kxh6 {[%clk 0:07:11]} a1=Q
{[%clk 0:06:06]} 50. g5 {[%clk 0:07:19]} Qxc3 {[%clk 0:05:35]} 51. g6
{[%clk 0:07:15]} Qh8+ {[%clk 0:05:38]} 52. Kg5 {[%clk 0:07:18]} Kc7
{[%clk 0:04:49]} 53. Kf5 {[%clk 0:07:13]} Qe5+ {[%clk 0:04:49]} 54. Kg4
{[%clk 0:07:16]} Qxe4+ {[%clk 0:04:55]} 55. Kh5 {[%clk 0:07:25]} Qe5+
{[%clk 0:04:58]} 56. Kh6 {[%clk 0:07:33]} Qh8+ {[%clk 0:04:48]} 57. Kg5
{[%clk 0:07:38]} d5 {[%clk 0:04:54]} 58. Kf5 {[%clk 0:07:47]} d4 {[%clk 0:05:01]}
59. Ke6 {[%clk 0:07:55]} Qg8+ {[%clk 0:04:49]} 0-1